000 00578nam a2200229Ia 4500
003 OSt
005 20221006153019.0
006 a|||||r|||| 00| 0
007 ta
008 221006b |||||||| |||| 00| 0 eng d
020 _c
_40.00
024 _a30,952
037 _cTextual
040 _aEASL
_cEASL
_beng
041 _2eng
_aeng
100 _aFERGUSON J C
_9662206
245 0 _aSurvey of Chinese art (10 Vols. in one set)
260 _aTaipei
_bCommercial Press
300 _a132+222p.
_ccm.
942 _cTEXL
_2CC
999 _c1099038
_d1099038